[Event "Chess House GM-Tourney 2018"]
[Site "Aarhus"]
[Date "2018.02.15"]
[Round "6"]
[White "Olsen, Filip Boe"]
[Black "Vorobiov, Evgeny E"]
[Result "0-1"]
[WhiteElo "2300"]
[BlackElo "2548"]
[Annotator "TA"]
[PlyCount "84"]
[EventDate "2018.??.??"]
[EventType "tourn"]
[EventCountry "DEN"]
[SourceTitle "playchess.com"]
[Source "ChessBase"]
[SourceQuality "1"]

{[%evp 15,84,40,51,60,65,59,62,47,68,58,75,51,50,50,59,35,30,29,49,68,51,37,25,18,32,35,29,14,14,0,5,-7,14,0,0,0,0,8,11,18,31,0,39,40,45,-8,-8,-10,-10,-9,-9,-50,-51,-565,-550,-642,-634,-634,-633,-983,-983,-29987,-29982,-29988,-29989,-29989,-29990,-29990,-29990,-29998,-29999]} 1. d4 Nf6 2. c4 g6 3. Nc3 Bg7 4. e4 d6 5. Be2 O-O 6. Be3 a6 7. Nf3 c6 8. O-O b5 {LiveBook: 16 Games. E91: King's Indian: Classical: 6 Be2, unusual replies including 6...c5 and 6...Bg4} 9. Qc2 Nbd7 10. Rfd1 Bb7 {White is slightly better.} 11. Rac1 $146 ({Predecessor:} 11. a3 Qb8 12. h3 Rc8 13. b4 bxc4 14. Bxc4 c5 15. bxc5 dxc5 16. d5 {1-0 (27) Cifuentes Parada,R (2495)-Docx,S (2215) Antwerp 1993}) 11... bxc4 12. Bxc4 d5 13. Bd3 dxe4 14. Nxe4 Nd5 15. Nc5 Nxc5 16. Qxc5 Nxe3 17. fxe3 a5 18. Ne5 a4 19. Nxc6 Bxc6 20. Qxc6 Bh6 21. Qf3 e5 22. Be4 Rb8 23. Rc2 Qg5 24. Re2 exd4 25. exd4 Bg7 26. Bc6 Rb4 27. d5 Be5 28. a3 Rb3 29. Qe4 Bxb2 30. Qxa4 (30. Bxa4 $14 Rb6 31. d6) 30... Rxa3 $11 31. Qb4 Ra1 32. Rxa1 Bxa1 33. Re1 Be5 34. Rd1 $2 {[%mdl 8192] [#]} (34. g3 $15) 34... Qh5 $19 35. Qd2 Bxh2+ 36. Kf1 {White hopes to continue with d6.} Bd6 37. Qc2 Rb8 38. Qd3 Rb4 {Black mates.} 39. Rd2 Qh1+ 40. Ke2 Qxg2+ 41. Kd1 Qh1+ 42. Kc2 Qb1+ {Precision: White = 31%, Black = 80%.} 0-1

[Event "Chess House GM-Tourney 2018"]
[Site "Aarhus"]
[Date "2018.02.16"]
[Round "7"]
[White "Kveinys, Aloyzas"]
[Black "Miedema, David"]
[Result "0-1"]
[WhiteElo "2550"]
[BlackElo "2371"]
[Annotator "TA"]
[PlyCount "64"]
[EventDate "2018.??.??"]
[EventType "tourn"]
[EventCountry "DEN"]
[SourceTitle "playchess.com"]
[Source "ChessBase"]
[SourceQuality "1"]

{[%evp 16,64,0,0,0,-4,27,14,20,22,44,23,33,21,63,58,62,0,10,0,0,0,0,0,0,0,26,-57,6,10,9,-39,-49,-58,-54,-239,-233,-1595,-1602,-1434,-918,-835,-818,-800,-787,-1316,-1303,-5485,-5085,-6387,-6127]} 1. c4 e6 2. Nc3 c5 {[%cal Bc7c5,Bc5d4][%mdl 32]} 3. Nf3 Nc6 4. e4 Nd4 5. Be2 (5. g3 Ne7 6. Bg2 Nec6 7. d3 Nxf3+ 8. Bxf3 Be7 9. Bg2 O-O 10. O-O {½-½ (10) Ehlvest,J (2532)-Smirin,I (2669) London 2016}) 5... Ne7 6. Nxd4 {B40: Sizilianisch (Klassisches System mit e7-e6)} cxd4 7. Nb5 Nc6 8. O-O a6 9. Na3 {LiveBook: 3 Partien} Bc5 10. d3 b5 $146 ({Vorgänger:} 10... O-O 11. f4 d6 12. f5 Ne5 {1-0 (55) Dolzhikova,K (2269)-Martynkova,O (2280) Rivne 2016}) 11. cxb5 axb5 12. Nxb5 Ba6 13. Na3 O-O 14. Nc2 f5 15. exf5 Rxf5 16. Bd2 (16. a3 $14) 16... Bd6 $11 17. f4 Qb8 18. b3 g5 19. fxg5 Bxh2+ 20. Kh1 Rxf1+ 21. Bxf1 (21. Qxf1 $11 Qg3 22. Qf3) 21... Qg3 ({Günstiger ist} 21... Bf4 $1 $15) 22. Qh5 Rf8 $1 {[%cal Ba8f8,Bf8f5,Bf5g5][%mdl 32]} ({Nur nicht} 22... Bxd3 $2 23. Bf4 $18) 23. g6 hxg6 24. Qxh2 Qf2 $1 {[%cal Rf2d2]} 25. Qh6 $2 {[#]} (25. Bh6 $15 Qxf1+ 26. Qg1 Qxg1+ 27. Kxg1) 25... Ne5 $1 $40 {[%mdl 1152] Und ...Dxf1+ würde nun gewinnen. Schwarz hat starke Kompensation. Schwarz geht auf den König.} 26. Qg5 $2 (26. Nxd4 Qxf1+ 27. Rxf1 Rxf1+ 28. Kh2 Ng4+ 29. Kg3 Nxh6 30. Bxh6) 26... Rf5 {Schwarz steht klar auf Gewinn.} 27. Qd8+ Kg7 {( -> ...Th5+)} 28. Bg5 Nf7 29. Qxd7 e5 30. g4 Rxg5 31. Bg2 Bxd3 32. Ne1 {[#]} Bf5 $1 {[%mdl 512] Precision: Weiß = 44%, Schwarz = 73%.} 0-1

[Event "Chess House GM-Tourney 2018"]
[Site "Aarhus"]
[Date "2018.02.16"]
[Round "7"]
[White "Vorobiov, Evgeny E"]
[Black "Kollars, Dmitrij"]
[Result "1/2-1/2"]
[WhiteElo "2548"]
[BlackElo "2509"]
[Annotator "TA"]
[PlyCount "62"]
[EventDate "2018.??.??"]
[EventType "tourn"]
[EventCountry "DEN"]
[SourceTitle "playchess.com"]
[Source "ChessBase"]
[SourceQuality "1"]

{[%evp 22,62,16,14,9,0,0,-14,-14,-14,-10,-14,-19,-20,-18,-15,-12,-13,-13,-13,-5,-10,0,0,0,0,0,0,0,0,0,0,0,0,0,0,0,0,0,0,0,0,0]} 1. d4 d5 2. c4 e6 3. Nf3 Nf6 4. g3 dxc4 5. Bg2 c5 6. O-O Nc6 7. Qa4 Bd7 8. Qxc4 cxd4 9. Nxd4 Rc8 10. Nc3 Nxd4 11. Qxd4 Bc5 12. Qh4 {The position is equal.} h6 {E04: Open Catalan: 5 Nf3} (12... O-O 13. Bxb7 Rb8 14. Bf3 h6 15. Qf4 Re8 16. Ne4 Nxe4 17. Qxe4 Qc7 18. b3 f5 19. Qb1 e5 20. Bb2 {1-0 (56) Fedoseev,V (2718)-Vidit,S (2715) Riadh 2017}) 13. Ne4 $146 ({Predecessor:} 13. Bg5 Be7 14. Rfd1 O-O 15. Bxf6 Bxf6 16. Qb4 Bxc3 17. bxc3 b6 18. a4 Qc7 19. a5 Bc6 20. axb6 axb6 21. Bxc6 Qxc6 {½-½ (32) Tica,S (2461)-Blohberger,F (2355) Zadar 2017}) 13... Nxe4 14. Qxd8+ Kxd8 15. Bxe4 Bc6 16. Rd1+ Ke7 17. Bxc6 Rxc6 18. Bd2 Rd8 {White should prevent ...Rcd6.} 19. Bc3 Rxd1+ 20. Rxd1 $11 {[%mdl 4096] Endgame KRB-KRB} g6 (20... f6 {keeps more tension.} 21. Rc1 e5 22. Kg2 Ke6 23. Be1 f5) 21. Kf1 Rd6 22. Rxd6 Kxd6 {KB-KB} 23. e4 h5 24. h3 f5 25. f3 b5 26. Ke2 a6 27. b3 Kc6 28. Kd3 Bf2 29. g4 fxg4 30. fxg4 hxg4 31. hxg4 Bc5 {Precision: White = 89%, Black = 86%.} 1/2-1/2

[Event "Chess House GM-Tourney 2018"]
[Site "Aarhus"]
[Date "2018.02.16"]
[Round "7"]
[White "Thybo, Jesper Sondergaard"]
[Black "Matthiesen, Martin"]
[Result "1-0"]
[WhiteElo "2479"]
[BlackElo "2314"]
[Annotator "TA"]
[PlyCount "81"]
[EventDate "2018.??.??"]
[EventType "tourn"]
[EventCountry "DEN"]
[SourceTitle "playchess.com"]
[Source "ChessBase"]
[SourceQuality "1"]

{[%evp 18,81,18,10,27,4,9,0,14,13,22,20,20,28,19,18,23,24,45,29,62,39,84,51,66,50,68,53,48,44,69,54,84,93,245,245,312,305,312,320,354,341,348,333,356,349,329,330,417,420,418,402,418,427,418,402,600,479,468,465,466,467,495,415,679,672]} 1. e4 e5 2. Nf3 Nc6 3. Bb5 {[%cal Bf1b5,Bb5a4,Ba4b3][%mdl 32]} a6 4. Ba4 Nf6 5. O-O Be7 6. d3 b5 7. Bb3 d6 8. a4 b4 9. Nbd2 O-O 10. a5 Be6 {C84: Closed Ruy Lopez: Unusual White 6th moves} 11. Bxe6 fxe6 12. c3 Rb8 {The position is equal.} 13. Re1 {[#]} Qd7 $146 ({Predecessor:} 13... Qe8 14. Nc4 Qg6 15. h3 Nd7 16. Be3 d5 17. Ncd2 bxc3 18. bxc3 Nc5 19. Bxc5 Bxc5 {1-0 (52) Carlsen,M (2822)-Aronian,L (2809) Saint Louis 2017}) 14. Nc4 bxc3 15. bxc3 Rb5 16. d4 exd4 17. cxd4 Rfb8 18. Qe2 Nd8 19. Ba3 Ne8 20. Rac1 Nf7 21. h3 Rb3 22. Nfd2 R3b5 23. Rcd1 Bd8 24. Nf3 Rb3 25. Bc1 Qb5 $2 {[#]} (25... g6 $16 {was necessary.}) 26. Nfd2 $1 $18 Rb4 27. Ba3 c5 28. dxc5 ({Much less strong is} 28. Bxb4 cxb4 29. Qg4 e5 $18) 28... dxc5 29. Bxb4 cxb4 30. Nb3 Rc8 31. Nb6 Qxe2 32. Rxe2 Bxb6 33. axb6 Rb8 34. Rc2 Rxb6 35. Rc8 {[%cal Rc8e8] [#]} Kf8 36. Nc5 {aiming for Nd7+.} Rb5 (36... Rd6 $142) 37. Nxa6 {Hoping for Nc7.} Rb7 38. Nc5 Re7 39. Rb8 g5 40. Rxb4 Nf6 (40... Ne5 $142 41. Rb6 Kf7) 41. Rb6 {Precision: White = 77%, Black = 28%.} 1-0

[Event "Chess House GM-Tourney 2018"]
[Site "Aarhus"]
[Date "2018.02.16"]
[Round "7"]
[White "Thogersen, Rasmus"]
[Black "Olsen, Filip Boe"]
[Result "0-1"]
[WhiteElo "2334"]
[BlackElo "2300"]
[Annotator "TA"]
[PlyCount "50"]
[EventDate "2018.??.??"]
[EventType "tourn"]
[EventCountry "DEN"]
[SourceTitle "playchess.com"]
[Source "ChessBase"]
[SourceQuality "1"]

{[%evp 18,50,20,12,45,-6,-6,-6,-6,0,0,-50,-52,-81,-79,-80,-72,-80,-72,-108,-102,-115,-83,-79,-64,-59,-60,-66,-68,-442,-435,-450,-442,-450,-457]} 1. e4 c6 2. d4 d5 3. e5 Bf5 4. Nf3 e6 5. Be2 Ne7 6. O-O h6 7. Nbd2 {B12: Caro-Kann: Advance Variation} Nd7 8. Nb3 Qc7 9. a4 (9. c3 Bh7 10. Bd3 Bxd3 11. Qxd3 c5 12. Nxc5 Nxc5 13. dxc5 Qxc5 14. Be3 {½-½ (70) Carlsen,M (2832)-So,W (2815) chess.com INT 2017}) 9... a6 10. a5 {LiveBook: 5 Games} c5 $146 ({Predecessor:} 10... Be4 11. Be3 Rd8 12. Nfd2 Bg6 13. f4 Nf5 14. Bf2 h5 {1-0 (36) Bologan,V (2661)-Eljanov,P (2723) Dubai 2014}) 11. c4 (11. Nxc5 $1 $14 Nxc5 12. dxc5) 11... dxc4 $11 12. Nxc5 Nxc5 13. dxc5 Nc6 14. Qa4 Bxc5 15. Qxc4 Nxa5 16. Qc3 {[#] aiming for Be3.} Bb6 $1 17. Qa3 Nc6 18. Rd1 Qe7 19. Qb3 Bc5 ({Inferior is} 19... Qc5 20. Be3 $16) 20. Be3 Bxe3 21. Qxe3 O-O 22. Rd6 Rad8 23. Bxa6 $2 {[%mdl 8192] [#]} (23. Rad1 $1 $15) 23... Nb4 $1 $19 {Black is clearly winning.} 24. Rad1 Nxa6 25. Qb6 {[%cal Rd6d8]} Rc8 {Precision: White = 27%, Black = 78%.} 0-1

[Event "Chess House GM-Tourney 2018"]
[Site "Aarhus"]
[Date "2018.02.17"]
[Round "8"]
[White "Hansen, Lars Bo"]
[Black "Rossen, Claus"]
[Result "1-0"]
[WhiteElo "2560"]
[BlackElo "2203"]
[Annotator "TA"]
[PlyCount "93"]
[EventDate "2018.??.??"]
[EventType "tourn"]
[EventCountry "DEN"]
[SourceTitle "playchess.com"]
[Source "ChessBase"]
[SourceQuality "1"]

{[%evp 9,93,38,28,30,25,24,39,4,18,10,54,41,53,0,0,0,0,0,0,0,0,-17,0,-16,-3,0,-7,0,0,0,21,0,54,13,128,147,141,144,144,132,150,145,171,185,215,207,197,215,225,217,219,212,207,201,245,231,263,261,314,308,328,304,427,452,472,464,437,0,370,0,431,401,418,390,447,476,461,452,454,428,514,425,643,623,949,924]} 1. e4 g6 2. d4 Bg7 3. Nc3 d6 4. Be3 a6 5. h4 h5 6. Qd2 {B06: Modern Defence} b5 (6... Nd7 7. Nh3 c5 8. O-O-O cxd4 9. Bxd4 Ngf6 10. Ng5 b5 11. f3 Bb7 12. Kb1 Rc8 13. Be2 Nb6 14. Rhe1 Nc4 15. Bxc4 Rxc4 16. Bxf6 exf6 {½-½ (70) Movsesian,S (2647)-Adhiban,B (2655) Riadh 2017}) 7. O-O-O Bb7 8. f3 {White is slightly better.} Nd7 9. Nh3 Rc8 10. Ng5 c5 11. Kb1 (11. e5 $14 cxd4 12. e6 fxe6 13. Bxd4 (13. Nxe6 $2 dxc3 14. Qe1 Qa5 $19)) 11... cxd4 $11 12. Bxd4 Bxd4 13. Qxd4 Ngf6 14. Be2 $40 {[%mdl 128] White has some attack.} Qb6 $146 15. Qd2 Nc5 16. a3 b4 17. axb4 Qxb4 18. Qd4 Qxd4 19. Rxd4 O-O 20. Bc4 Nh7 (20... Ncd7 $11) 21. Nh3 Ne6 (21... Nf6 $11 {keeps the balance.}) 22. Bxe6 $1 $16 fxe6 {[#]} 23. e5 $1 {[%mdl 512]} Rc6 (23... dxe5 24. Rd7) 24. Re1 d5 25. Rb4 Ba8 26. Ne2 Rfc8 27. Nd4 Rc4 28. Rxc4 Rxc4 29. Rd1 ({Don't play} 29. Nxe6 $6 Rxh4 30. Rd1 Rc4 $16) 29... Kf7 30. b3 Rb4 31. Kb2 Rb6 32. Rd3 a5 33. Ka3 Bc6 34. Rc3 Be8 35. Rc7 a4 (35... Ra6 $142 36. f4 Ra8) 36. b4 $18 Rb8 37. Rc5 Bd7 38. Rc7 $2 (38. b5 $18) 38... Ke8 $2 {[%mdl 8192]} (38... Be8 $1 $11 39. c3 Rb6) 39. Rc5 $2 ({Better is} 39. Nf4 $18) 39... Kd8 $2 {[%mdl 8192]} (39... Kf7 $11 {and Black is okay.} 40. b5 Ra8) 40. Nf4 Nf8 41. g4 hxg4 42. fxg4 {White is clearly winning.} Ke8 43. b5 {[%cal Bb4b5,Bb5b6][%mdl 32]} Ra8 44. Nc6 Bxc6 45. Rxc6 Ra5 (45... Kf7 $142 46. b6 Rb8 47. Kxa4 Nd7) 46. b6 Kd7 47. Rc7+ {Precision: White = 73%, Black = 28%.} 1-0

[Event "Chess House GM-Tourney 2018"]
[Site "Aarhus"]
[Date "2018.02.17"]
[Round "8"]
[White "Kollars, Dmitrij"]
[Black "Thogersen, Rasmus"]
[Result "1-0"]
[WhiteElo "2509"]
[BlackElo "2334"]
[Annotator "TA"]
[PlyCount "59"]
[EventDate "2018.??.??"]
[EventType "tourn"]
[EventCountry "DEN"]
[SourceTitle "playchess.com"]
[Source "ChessBase"]
[SourceQuality "1"]

{[%evp 28,59,-20,-31,-28,-58,-50,-50,77,75,87,72,108,104,123,91,140,127,377,367,416,397,668,650,628,643,653,605,825,797,1028,997,966,970]} 1. c4 g6 2. g3 Bg7 3. Bg2 c5 4. Nc3 Nc6 5. a3 d6 6. Rb1 a5 7. Nf3 {[%cal Bg1f3,Bf3e1,Be1c2,Bc2e3,Be3c4][%mdl 32]} e5 8. O-O Nge7 9. Ne1 Be6 10. d3 O-O 11. Nc2 d5 12. cxd5 Nxd5 13. Ne3 Nde7 14. Nc4 Rb8 {A37: Symmetrical English vs ...g6: 4 Bg2 Bg7 5 Nf3} 15. a4 {LiveBook: 7 Games} (15. Bg5 f6 16. Be3 Nd4 17. b4 axb4 18. axb4 b5 19. Nd2 cxb4 20. Rxb4 Qa5 21. Qb1 Nec6 22. Bxc6 Nxc6 {1-0 (68) Anand,V (2785)-Tregubov,P (2607) Bastia 2014}) 15... Qd7 16. Ne4 b6 $1 {Black is slightly better.} 17. b3 $146 ({Predecessor:} 17. Bh6 Nd5 18. Bxg7 Kxg7 19. Ng5 Rfe8 20. Nxe6+ Qxe6 21. Qd2 Ndb4 22. Rbe1 {0-1 (43) Matsuura,E (2450)-Coelho,L (2352) Brasilia 2002}) 17... h6 {[#]} (17... Bd5 $15) 18. Bxh6 $1 $16 {[%mdl 512]} f6 (18... Bxh6 19. Nf6+) 19. Bd2 Nd4 20. f4 Bg4 21. Rf2 Nec6 22. Qf1 b5 $2 {[#]} (22... Nb4 $16 23. Bxb4 axb4) 23. axb5 $18 Rxb5 24. e3 Nc2 $2 (24... exf4 25. exd4 f3 26. Bxf3 Bxf3 27. Rxf3 f5) 25. fxe5 {White is clearly winning.} f5 26. Ned6 Rbb8 27. h3 {[%cal Bh2h3,Bh3g4][%mdl 32]} Bxe5 28. hxg4 Bxd6 29. Bd5+ Kg7 30. Bc3+ {Precision: White = 79%, Black = 22%.} 1-0

[Event "Chess House GM-Tourney 2018"]
[Site "Aarhus"]
[Date "2018.02.17"]
[Round "8"]
[White "Miedema, David"]
[Black "Thybo, Jesper Sondergaard"]
[Result "1-0"]
[WhiteElo "2371"]
[BlackElo "2479"]
[Annotator "TA"]
[PlyCount "83"]
[EventDate "2018.??.??"]
[EventType "tourn"]
[EventCountry "DEN"]
[SourceTitle "playchess.com"]
[Source "ChessBase"]
[SourceQuality "1"]

{[%evp 20,83,37,8,7,17,111,89,109,92,102,102,102,83,101,110,139,52,152,28,222,203,312,297,314,294,351,343,448,349,616,575,870,866,870,870,870,870,870,870,844,841,29968,29968,6212,6295,29985,29986,29992,29993,29993,29994,29994,29991,29991,5389,5372,5369,5357,5310,2488,2305,5361,5281,29996,29997]} 1. d4 Nf6 2. c4 e6 3. Nf3 d5 4. Nc3 Bb4 5. Qb3 c5 6. dxc5 Nc6 {D38: Queen's Gambit Declined: Ragozin Defence (4 Nf3 Bb4)} 7. Bg5 Qa5 8. Bxf6 dxc4 9. Qxc4 gxf6 10. Rc1 Qxc5 11. Qh4 {LiveBook: 22 Games} Ke7 12. g3 e5 $146 (12... Bxc3+ $11 {remains equal.} 13. bxc3 e5) ({Predecessor:} 12... Bxc3+ 13. bxc3 b6 14. Bg2 {½-½ (26) Andreikin,D (2733)-Wojtaszek,R (2733) Poikovsky 2016}) 13. Bg2 {[#] Hoping for Nd2.} Bxc3+ 14. Rxc3 Qb6 15. O-O Qxb2 16. Rfc1 {And now R3c2 would win.} Rd8 (16... Qxe2 17. Re1 $18) 17. Qxh7 {[#] Strongly threatening Nh4.} Be6 18. R3c2 (18. Nh4 $16 Rac8 19. R3c2 (19. Bxc6 Rxc6 20. Rxc6 bxc6 $15) (19. Ng6+ Kd6 $14)) 18... Qb6 ({Better is} 18... Qb5 $1 $14) 19. e3 (19. Nh4 $16) 19... Rac8 $2 (19... Rh8 $11 20. Qe4 f5) 20. Nh4 $18 Rg8 (20... Qb4 {was called for.} 21. Nf5+ (21. Bxc6 Rxc6 22. Rxc6 bxc6 $11) (21. Ng6+ Kd7 $16) 21... Bxf5 22. Qxf5 Qd6) 21. Nf5+ Bxf5 22. Qxf5 Rh8 23. h4 Qa6 24. Kh2 Qa4 $2 (24... Qb6 25. Rc5 Rhg8) 25. Rc4 Qxa2 26. Bxc6 Rxc6 27. Rxc6 bxc6 28. Rxc6 {[%mdl 4096] Endgame KQR-KQR} Rh6 29. Kg1 Kf8 30. Rc8+ Kg7 31. Qg4+ Rg6 32. Qb4 {White wants to mate with Qf8+.} Rh6 33. Qb8 Kg6 34. Rg8+ Kf5 35. Qc8+ Ke4 36. Qg4+ Kd3 37. Rd8+ (37. Qd1+ $142 Kc4 38. Rc8+ Kb4 39. Qd6+ Kb3 40. Qd3+ Kb4 41. Rb8+ Kc5 42. Qb5+ Kd6 43. Rd8+ Kc7 44. Rd7+ Kc8 45. Qb7#) 37... Kc3 38. Qd1 {White threatens Qd3+ and mate.} f5 39. Qc1+ Kb4 40. Rd2 Qa3 41. Rb2+ Ka5 42. Qd2+ {Precision: White = 59%, Black = 25%.} 1-0

[Event "Chess House GM-Tourney 2018"]
[Site "Aarhus"]
[Date "2018.02.17"]
[Round "8"]
[White "Christensen, Tobias"]
[Black "Fries-Nielsen, Jens Ove"]
[Result "1/2-1/2"]
[WhiteElo "2337"]
[BlackElo "2349"]
[Annotator "TA"]
[PlyCount "37"]
[EventDate "2018.??.??"]
[EventType "tourn"]
[EventCountry "DEN"]
[SourceTitle "playchess.com"]
[Source "ChessBase"]
[SourceQuality "1"]

{[%evp 13,37,53,53,47,58,47,49,56,68,49,38,18,44,35,37,41,54,49,47,40,45,16,15,4,7,0]} 1. Nf3 Nf6 2. c4 d6 3. Nc3 Nbd7 4. g3 b6 5. Bg2 Bb7 6. O-O e5 7. d4 Be7 {LiveBook: 7 Partien. A47: Damenindisch (ohne c2-c4)} 8. b3 (8. Re1 Qb8 9. e4 O-O 10. b3 a6 11. Nd5 Nxd5 12. cxd5 Rd8 13. Ba3 Bf6 14. Rc1 Ra7 15. Rc2 {1-0 (46) Stojanovic,M (2557)-Abramovic,B (2491) Vrnjacka Banja 2010}) 8... O-O 9. Bb2 Re8 {Weiß steht etwas besser.} 10. Qc2 Bf8 11. dxe5 dxe5 12. Rad1 c6 13. Ne4 Nxe4 14. Qxe4 {[%cal Rf3e5]} Qe7 $146 ({Vorgänger:} 14... Qc7 15. Qf5 {1-0 (40) Roussel Roozmon,T (2233)-Dunis,A (2399) Cap d'Agde 2002}) 15. Bh3 Nc5 16. Qxe5 Qxe5 17. Nxe5 f6 18. Nd3 Rxe2 {zielt auf ...Sxd3 ab.} 19. Nxc5 1/2-1/2

[Event "Chess House GM-Tourney 2018"]
[Site "Aarhus"]
[Date "2018.02.17"]
[Round "8"]
[White "Hansen, Bjarne"]
[Black "Jacobsen, Mikkel Manosri"]
[Result "1-0"]
[WhiteElo "2301"]
[BlackElo "2161"]
[Annotator "TA"]
[PlyCount "51"]
[EventDate "2018.??.??"]
[EventType "tourn"]
[EventCountry "DEN"]
[SourceTitle "playchess.com"]
[Source "ChessBase"]
[SourceQuality "1"]

{[%evp 10,51,47,33,54,51,45,33,81,68,120,112,101,87,91,95,156,52,43,54,95,91,88,91,67,-10,167,164,235,252,260,240,225,227,238,214,347,327,1624,1516,1538,33,483,468]} 1. d4 Nf6 2. Nf3 b6 3. g3 Bb7 4. Bg2 c5 5. O-O g6 6. Nc3 {LiveBook: 7 Games. A49: 1 d4 Nf6 2 Nf3 g6 3 g3: Anti-King's Indian systems} (6. c4 cxd4 7. Qxd4 Bg7 8. Nc3 d6 9. b3 O-O 10. Bb2 Ne4 11. Qd3 Nd7 12. Qc2 Nxc3 13. Bxc3 Bxc3 14. Qxc3 Rc8 15. Qb2 Rc5 16. Rfd1 Qa8 17. Ne1 Bxg2 18. Nxg2 {0-1 (68) Wang,H (2709)-Artemiev,V (2691) Huaian 2017}) 6... Bg7 7. d5 O-O $146 ({Predecessor:} 7... b5 8. d6 Bc6 9. e4 O-O 10. e5 Ne8 11. Bg5 f6 12. dxe7 Qxe7 13. exf6 Bxf6 {0-1 (60) Rosen,B (2255)-Tereick,B (2373) Germany 2012}) 8. a4 {White is slightly better.} e6 {[%cal Rf6d5]} 9. e4 $1 {[%cal Be2e4,Be4e5][%mdl 32]} exd5 (9... Na6 $14) 10. e5 $1 $16 {[%cal Re5f6]} (10. exd5 $6 Na6 $11) (10. Nxd5 $6 Nxe4 11. Re1 f5 $11) 10... Ng4 11. Nxd5 {aiming for Nd2.} Nc6 12. Bg5 Qc8 (12... Qb8 $142) 13. Nf6+ (13. a5 $16) 13... Bxf6 $14 14. exf6 Nge5 15. Nxe5 Nxe5 {[#]} 16. Bxb7 $1 Qxb7 17. Ra3 (17. f4 $1 $14 Nc4 18. Qd3) 17... Qe4 $2 (17... Rfe8 $11 {and Black is okay.}) 18. Re1 $36 {[%mdl 2048] Black is under strong pressure.} Qf5 {[#]} (18... Qg4 $142) 19. f4 $1 d6 20. Bh6 {[%cal Bg5h6,Bh6f8,Bf8d6][%mdl 32]} ({Resist} 20. fxe5 $6 Qxg5 21. h4 (21. Qxd6 Rad8 $14) (21. exd6 Qxf6 22. Rae3 Qxb2 $16) 21... Qf5 $16) 20... Nc4 21. Bxf8 Nxa3 22. Bxd6 {Strongly threatening Qf3.} Nxc2 (22... Rd8 $142) 23. Re5 Qd7 $2 (23... Qxf6 24. Be7 Qc6) 24. Qd5 Re8 25. Qe4 $2 (25. Re7 $18 {Qxf7+ would kill now.} Qxe7 26. fxe7) 25... Rxe5 $4 {[%mdl 8192]} (25... Rc8 $14) 26. fxe5 {Precision: White = 52%, Black = 22%.} 1-0

[Event "Chess House GM-Tourney 2018"]
[Site "Aarhus"]
[Date "2018.02.17"]
[Round "8"]
[White "Olsen, Filip Boe"]
[Black "Kveinys, Aloyzas"]
[Result "1/2-1/2"]
[WhiteElo "2300"]
[BlackElo "2550"]
[Annotator "TA"]
[PlyCount "119"]
[EventDate "2018.??.??"]
[EventType "tourn"]
[EventCountry "DEN"]
[SourceTitle "playchess.com"]
[Source "ChessBase"]
[SourceQuality "1"]

{[%evp 22,119,20,12,23,1,32,0,0,0,8,8,7,0,0,0,14,0,21,14,18,17,25,18,40,0,0,0,0,0,0,0,0,0,25,12,61,21,64,47,56,42,77,90,88,90,123,125,110,109,151,158,191,153,194,176,200,183,191,172,199,212,208,198,198,198,197,57,110,60,60,62,60,69,144,144,144,143,136,122,209,190,195,161,237,236,236,212,239,0,4133,0,0,0,0,0,0,0,0,0]} 1. d4 Nf6 2. c4 e6 3. Nc3 Bb4 4. f3 d5 5. a3 Bxc3+ 6. bxc3 c6 7. e3 O-O {E20: Nimzo-Indian: 4 g3 and 4 f3} 8. Bd3 b6 9. Ne2 Ba6 10. cxd5 cxd5 11. Bxa6 Nxa6 12. Qd3 {LiveBook: 10 Games} Qc8 13. O-O Nc7 (13... Nb8 14. e4 Qa6 15. Qe3 Nc6 {1-0 (52) Radjabov,T (2741)-Movsesian,S (2671) Heraklio 2017}) 14. e4 Qa6 15. Qe3 Qc4 $146 16. e5 Nd7 17. Bd2 b5 18. Ng3 {[%cal Be2g3,Bg3h5,Bh5f4][%mdl 32]} f6 19. exf6 Rxf6 20. Nh5 Rf7 21. Nf4 Re8 22. Nd3 Na8 23. a4 bxa4 24. Nb2 Qb3 25. Nxa4 Nab6 26. Rfb1 Qc2 {And now ...Nc4 would win.} 27. Rc1 $36 {[%mdl 2048] White is more active.} Qg6 28. Nb2 Ra8 29. Ra2 h6 30. Rca1 a5 31. Be1 a4 32. Nxa4 Nc4 33. Qe2 Raf8 34. Bg3 h5 35. Kh1 Qh6 36. h3 h4 37. Bh2 Rc8 38. Qf2 g5 39. Qe2 Qg6 40. Re1 Rc6 41. Nb2 Nxb2 42. Qxb2 (42. Rxb2 Rxc3 43. Qa6 (43. Qxe6 Qxe6 44. Rxe6 Rc1+ 45. Bg1 Rf6 $18) 43... Kg7) 42... Qd3 43. Ra8+ Kh7 44. Be5 (44. Re8 $18) 44... Qxc3 ({Black should play} 44... Rxc3 $14 45. Rh8+ Kg6) 45. Rh8+ Kg6 46. Rg8+ Kh6 47. Qe2 Rc8 (47... Qc2 $1 $14) 48. Rxc8 $16 Qxc8 {[#]} 49. f4 $1 {[%mdl 512] Black must now prevent Bd6.} Nxe5 (49... gxf4 50. Bd6) 50. fxg5+ ({Much weaker is} 50. fxe5 $6 Rf4 $11) 50... Kxg5 (50... Kg6 $16 {was necessary.}) 51. Qxe5+ {[%mdl 4096] Endgame KQR-KQR} Kg6 52. g4 ({Don't take} 52. Qxe6+ $6 Qxe6 53. Rxe6+ Kg5 $16) 52... Rf6 (52... hxg3 $142 53. Qxg3+ Kh7) 53. Qh5+ $18 Kg7 54. Qg5+ ({Not} 54. Qxh4 Qc3 $14) 54... Kf7 55. Qxh4 $2 (55. Rc1 $18 Qb8 56. Qxh4) 55... Qc3 $2 {[%mdl 8192] [#]} (55... Qc4 $11) 56. Qh7+ $2 (56. g5 $1 $18 {[%cal Rg5f6]} Qf3+ 57. Kg1) 56... Kf8 $11 {The position is equal.} 57. Qh8+ Kf7 58. Qh7+ Kf8 59. Qh8+ Kf7 60. Qh7+ {Precision: White = 59%, Black = 39%.} 1/2-1/2